Taylor Swift - The Tortured Poets Department - Statistiques

Statistiques générales
  • Ce quiz a été pris 21 fois
    20 depuis la dernière actualisation
  • Le résultat moyen est 26 sur 31
Statistiques - réponses
Tracks Titre % Correct
Track 14 The Smallest Man Who Ever Lived
100%
Track 16 Clara Bow
94%
Track 4 Down Bad
94%
Track 1 Fortnight (ft Post Malone)
94%
Track 13 I Can Do It with a Broken Heart
94%
Track 28 Peter
94%
Track 22 So High School
94%
Track 26 The Prophecy
94%
Track 6 But Daddy I Love Him
88%
Track 5 So Long, London
88%
Track 15 The Alchemy
88%
Track 31 The Manuscript
88%
Track 2 The Tortured Poets Department
88%
Track 10 Who's Afraid Of Little Old Me?
88%
Track 20 Chloe or Sam or Sophia or Marcus
81%
Track 8 Florida!!! (ft Florence + the Machine)
81%
Track 25 I Look in People's Windows
81%
Track 3 My Boy Only Breaks His Favorite Toys
81%
Track 24 thanK you alMee
81%
Track 19 The Albatross
81%
Track 17 The Black Dog
81%
Track 27 Cassandra
75%
Track 9 Guilty As Sin?
75%
Track 21 How Did It End?
75%
Track 11 I Can Fix Him (No Really I Can)
75%
Track 23 I Hate It Here
75%
Track 30 Robin
75%
Track 29 The Bolter
75%
Track 7 Fresh Out The Slammer
69%
Track 18 Imgonnagetyouback
69%
Track 12 loml
69%
Aucun quiz correspondant
Distribution des résultats
% des personnes avec chaque résultat
Percentile par nombre de réponses
Votre historique - résultats
Vous n’avez pas pris ce quiz depuis la dernière actualisation